U.S. aid to Taiwan; a study of foreign aid, self-help, and development
Salvato in:
| Autore principale: | |
|---|---|
| Natura: | Libro |
| Lingua: | Undetermined |
| Pubblicazione: |
New York
F. A. Praeger
1966
|
| Soggetti: | |
| Tags: |
Aggiungi Tag
Nessun Tag, puoi essere il primo ad aggiungerne! !
|
| Thư viện lưu trữ: | Trung tâm Học liệu Trường Đại học Cần Thơ |
|---|
| LEADER | 00546nam a2200193Ia 4500 | ||
|---|---|---|---|
| 001 | CTU_91201 | ||
| 008 | 210402s9999 xx 000 0 und d | ||
| 082 | |a 338.9 | ||
| 082 | |b J15 | ||
| 100 | |a Jacoby, Neil H. | ||
| 245 | 0 | |a U.S. aid to Taiwan; a study of foreign aid, self-help, and development | |
| 245 | 0 | |c Neil H. Jacoby | |
| 260 | |a New York | ||
| 260 | |b F. A. Praeger | ||
| 260 | |c 1966 | ||
| 650 | |a Economic assistance, American | ||
| 650 | |z Taiwan | ||
| 904 | |i Nguyên | ||
| 980 | |a Trung tâm Học liệu Trường Đại học Cần Thơ | ||